| 000 | 00550nam a2200205 a 4500 | ||
|---|---|---|---|
| 001 | 65510 | ||
| 003 | BD-RjUL | ||
| 005 | 20211209081432.0 | ||
| 008 | 170307s1993 xx 000 0 und d | ||
| 035 | _a(BD-RjUL)65640 | ||
| 040 |
_aEQO _cEQO _beng _dBD-RjUL |
||
| 041 | _aeng | ||
| 082 |
_223 _a121 _bHAI 1993 |
||
| 245 | 0 | 0 |
_aIn search of the truth / _cSk. Md. Abdul Hayee |
| 260 |
_aDhaka : _bCHowkash, _c1993 |
||
| 300 |
_a228 p. ; _c22 cm. |
||
| 650 |
_aPalmistry _xService stations _9193855 |
||
| 650 |
_aArtists' books _9193856 |
||
| 942 |
_2ddc _cBK |
||
| 999 |
_c65510 _d65510 |
||